000 00570nam a2200193 i 4500
001 147325
003 ES-MaACL
005 20250930063126.0
007 t|
008 070927s1924 sp ||||1| spa d
080 _a821.134.2(82)-31"19"
100 1 _aUgarte, Manuel,
_d1874-1951
_9111892
245 1 3 _aEl crimen de las máscaras
_b: (novela) /
_cManuel Ugarte.
260 _aValencia :
_bSempere,
_c[1924] (
_fTip. "Minerva")
300 _a247 p. ;
_c19 cm.
599 _aCub. il. por M. Moreno.
852 _aES-MaACL
_jF-5303
999 _c147325
_d147325